000 01424nam a2200301 c 4500
003 BLK
005 20180422112231.0
008 180409b bul|||||r ||||||| ||bul||
010 _aKNG00145835000
040 _aBLK
041 _aBUL
_cBUL
080 _aБългарска литература
_b821.163.2
_x-93-34
_z821.163.2-93-34
100 1 _aЗеленгоров, Владимир
_eпърви автор
_gСимеонов, Владимир Иванов
_969597
700 1 _aАнастасов, Стоян Иванов
_eхудож.
_9376409
700 1 _aСимеонов, Владимир Иванов
_e*
_9326867
139 _aЗеленгоров, Владимир
_bЗ 52
245 1 0 _aМомъкът и животните
_bПриказки
_cВладимир Зеленгоров; худож. Стоян Иванов Анастасов; * Владимир Иванов Симеонов.
257 _aBGR
260 София
_bБълг. художник
_c1965
300 _a16 с.
_bс ил.
_c11 см
380 _aDX
500 _aВладимир Зеленгоров е псевдоним на Владимир Иванов Симеонов. - 30 000 тир.
852 _aЦб І 34846
856 4 _qpdf
_u
856 4 _qpdf
_u
942 _cKNG
_n0
944 _aCR
_c15.07.2013
_l15.07.2013 - от С1,Р / 15.07.2013
_kЕлиза_Атанасова
944 _aED
_c10.02.2016
_l15.07.2013 - от С1,Р / 15.07.2013
_kКети_Илиева
999 _c139785
_d139785